000 01018nac a22002777a 4500
001 BR7326249
003 BR-BrBNA
005 20240105113718.0
008 230509b bl.|||m| |||| 00| 0 por d
040 _aBR-BrBNA
_bpor
_cBiblioteca Nacional de Agricultura
072 _aH20
090 _a3295 BR7326249
100 1 _aDrummond, O. de A.
110 1 _aInstituto Agronomico de Minas Gerais, Belo Horizonte (Brasil)
_95623
245 1 _aEstudos da etiologia da morte do Ficus retusa Linn., em Belo Horizonte (Brasil)[arvore ornamental]
260 3 _aBelo Horizonte, MG (Brasil):
_c1954.
300 _a16 p.
490 _aCircular - Instituto Agronomico de Minas Gerais (Brazil)
_vno. 8
_x
500 _aReprint of "Boletim de Agricultura da Secretaria da Agricultura do Estado de Minas Gerais" (Mai/Jun 1954)(5,6)
650 _aFIGUEIRA BENJAMIM
650 _aARVORE ORNAMENTAL
650 _aFUNGO
650 _aBELO HORIZONTE
909 _a202312
_bLúcia Elande
_c55
_dLúcia Elande
942 _2AGRIS
_n0
_cMS
999 _c265117
_d265117